Acciones para disminuir la fluctuación laboral = Actions to reduce labour fluctuations /
Salvato in:
| Autore principale: | |
|---|---|
| Altri autori: | , |
| Natura: | testo |
| Tags: |
Aggiungi Tag
Nessun Tag, puoi essere il primo ad aggiungerne!!
|
MARC
| LEADER | 00000 a a2200000 04500 | ||
|---|---|---|---|
| 001 | 48577 | ||
| 003 | |||
| 040 | |||
| 100 | |a Méndez Bordón, Aliek | ||
| 245 | |a Acciones para disminuir la fluctuación laboral = |b Actions to reduce labour fluctuations / |c Aliek Méndez Bordón, Aramís Rivas Diéguez, Alexander Ramírez Pérez | ||
| 700 | |a Rivas Diéguez, Aramís | ||
| 700 | |a Ramírez Pérez, Alexander | ||
| 773 | |g número146, (2014), páginas 27-33 | ||
| 999 | |c 29252 |d 29252 | ||
| 773 | 0 | |0 18728 |9 1630 |a Universidad de Costa Rica |d San José, Costa Rica Editorial UCR 1956- |o 18147 |t Revista de Ciencias Sociales/ |x 04825276 | |
